| 000 | 00867nam a22002417a 4500 | ||
|---|---|---|---|
| 001 | 7497 | ||
| 003 | FISKH | ||
| 005 | 20250722105438.0 | ||
| 008 | 250722b cb ||||| |||| 00| 0 eng d | ||
| 020 | _a9781108742740 | ||
| 040 |
_aFISKH _beng _cFISKH _dFISKH |
||
| 050 | _aPZ7 | ||
| 082 | _a550 | ||
| 100 | _aBoard, Jon | ||
| 245 |
_aCambridge primary Science : _bLearner's book 2 / _cJon Board & Alan Cross |
||
| 260 |
_aUnited Kingdom : _bCambridge University Press, _c2021. |
||
| 300 |
_a185 pages : _bcolor illustrations ; _c28 cm |
||
| 520 | _aFrom finding out how the respiratory system works, to identifying reactants and products in checmical reactions, Cambridge Primary Science gets your learners thingking like scientist! | ||
| 650 |
_aScience _vPlan Expiriments _xPrediction |
||
| 700 |
_aCross, Alan _eAuthor |
||
| 942 |
_2ddc _cBK _n0 |
||
| 999 |
_c7497 _d7497 |
||